000 00889nam a2200265Ia 4500
003 OSt
005 20221002044923.0
006 a|||||r|||| 00| 0
007 ta
008 220930b |||||||| |||| 00| 0 eng d
020 _a97801992106 (hbk)
_c3100
024 _a104680
037 _b6056, 15/03/2011, Efficient Book Distributors
_cReference Collections
040 _aCRL
_cCRL
_beng
041 _2eng
_aeng
082 _aO111,1K08g, P9(RR)
100 _aMcdowell Nicholas Ed.
_9569788
245 0 _aOxford handbook of milton
260 _aOxford
_bOxford Univesity Press UK
_c2009
300 _axxii,715p.
_ccm.
650 _aENGLISH LITERATURE
700 _a Smith Nigel Ed.
_9569789
942 _hO111,1K08g, P9(RR)
_cref
_2CC
999 _c911395
_d911395